000 00586nam a22001697a 4500
003 OSt
005 20241021155017.0
008 241021b |||||||| |||| 00| 0 eng d
040 _c0
082 _aDPer050 M72 January-March 2018 v. 66 no. 8-10
100 _a Pimentel, Genevieve O.
_eauthor.
_963242
245 _aGarbage area trend gulayan sa paaralan /
_cGenevieve O. Pimentel.
260 _aManila, Philippines ;
_bIn the Grade School, Inc,
_cJuly 2018.
300 _aVolume 66,pages 60,61,62 ,
_billustration.
700 _aPimentel, Genevieve O.
_eauthor.
_961562
942 _2ddc
_cPER
999 _c22745
_d22745